000 00745nam a2200229Ia 4500
001 11191
003 GE_BSU
008 181216s||||||||xx |||||||||||||| ||und||
020 _a9785991630016
040 _cGE_BSU
080 _a351(075.8):005
100 _aГИМАЗОВА, Ю.В
245 _aГосударственное и Муниципальное управление.
245 _bучебник для бакалавров.
245 _cПОД ОБЩ.РЕД. Н.А.ОМЕЛЬЧЕНКО.
260 _aМОСКВА.
260 _bИЗДАТЕЛЬСТВО ЮРАЙТ.
260 _c2014.
300 _a453с;21см.
653 _aГосударственное и Муниципалное управление.
942 _cBK
999 _c44425
_d44425